MARC

LEADER 00000nas a2200000 a 4500
001 ssj0001389
003 WaSeSS
005 20200512172242.0
006 m d
007 cr n
008 980309c19569999ilumr pss 0 a0eng c
010 |a  2004215466 
022 |a 1551-1855  |l 0009-5753  |y 0009-5753 
035 |a (WaSeSS)ssj0001389 
037 |b Christianity Today International, 465 Gundersen Dr., Carol Stream, IL 60188 
040 |a FGA  |b eng  |c FGA  |d OCL  |d OCLCQ  |d NSD  |d MUQ  |d OCLCQ  |d ATL  |d GBT  |d OCLCQ  |d OCLCE  |d MUX  |d OCLCQ  |d OCLCO  |d OCLCF  |d OCLCO  |d OCLCQ  |d WaSeSS 
042 |a nsdp  |a pcc  |a dlr 
050 4 |a BR1 
082 1 0 |a 240  |2 13 
130 0 |a Christianity today (Online) 
222 0 |a Christianity today  |b (Washington. Online) 
245 1 0 |a Christianity today  |h [electronic resource]. 
260 |a Carol Stream, Ill. :  |b Christianity Today, Inc. 
310 |a Monthly,  |b 2003- 
321 |a Frequency varies,  |b 1956-2002 
362 1 |a Print began in 1956. 
506 |a License restrictions may limit access. 
538 |a Master and use copy. Digital master created according to Benchmark for Faithful Digital Reproductions of Monographs and Serials, Version 1. Digital Library Federation, December 2002.  |u http://purl.oclc.org/DLF/benchrepro0212  |5 MiAaHDL 
538 |a Mode of access: World Wide Web. 
583 1 |a digitized  |c 2010  |h HathiTrust Digital Library  |l committed to preserve  |2 pda  |5 MiAaHDL 
588 |a Description based on: Vol. 39, issue 1 (Jan. 9, 1995); title from available issues screen (viewed Mar. 9, 1998). 
588 |a Latest issue consulted: Vol. 51, no. 10 (Oct. 2007) (ATLASerials, viewed Apr. 8, 2008). 
648 7 |a 1900-1999  |2 fast 
650 0 |a Theology  |v Periodicals. 
650 0 |a Christianity  |y 20th century  |v Periodicals. 
650 6 |a Théologie  |v Périodiques. 
650 6 |a Christianisme  |y 20e siècle  |v Périodiques. 
650 7 |a Christianity.  |2 fast  |0 (OCoLC)fst00859599 
650 7 |a Theology.  |2 fast  |0 (OCoLC)fst01149559 
655 0 |a Electronic journals. 
776 0 8 |i Print version:  |t Christianity today  |x 0009-5753  |w (DLC) 58040620  |w (OCoLC)1554505 
856 4 0 |z Full text available from Research Library: 01/04/1980 to 12/13/1985  |u https://search.proquest.com/publication/41005 
856 4 0 |z Full text available from Research Library: 01/15/1988 to 12/03/2001  |u https://search.proquest.com/publication/841